| 000 | 00677nam a2200205Ii 4500 | ||
|---|---|---|---|
| 003 | JO-AjNU | ||
| 008 | 230605s9999||||xx |||||||||||||| ||und|| | ||
| 017 | _a2010/9/3595 | ||
| 040 |
_aJO-AjNU _bara _erda _cJO-AjNU |
||
| 041 | _aara | ||
| 050 | 1 | 4 | _aPJ8190.2 2010 |
| 100 | 3 |
_aأبوزياد،عطالله (العيزري المقدسي), _eauthor _948984 |
|
| 245 | 0 | 0 | _aصلي المحاميس: شعر شعبي |
| 264 | 3 | 1 | _aعمان: وزارة الثقافة،2010 |
| 300 | _a208ص | ||
| 336 |
_atext _btxt _2rdacontent |
||
| 337 |
_aunmediated _bn _2rdamedia |
||
| 338 |
_avolume _bnc _2rdacarrier |
||
| 650 | 4 |
_aالشعر العربي - الشعر الشعبي _948985 |
|
| 999 |
_aA21487 _c25055 _d25055 |
||